| Registos Bibliográficos associados ao registo de autoridade |
|
Etiqueta de registo: 00994cam 2200301 450 001 1078707 003 http://id.bnportugal.gov.pt/bib/catbnp/1078707 005 20020805170800.0 010 ## $a972-95663-1-3 021 ## $aPT$b171473/01 100 ## $a20020308d2001 m y0pory0103 ba 101 0# $apor 102 ## $aPT 105 ## $ay z 001yy 106 ## $ar 200 1# $a A escola, a família e a educação individualizada$epais, educadores, professores$fAlberto Cristóvão 210 #9 $aCoimbra$c[s.n.],$d2001$eCoimbra :$gG.C.-Gráf. de Coimbra) 215 ## $a70 p.$d21 cm 320 ## $aBibliografia, p. 69 606 ## $2SIPOR$3801094 606 ## $2SIPOR$31042963 675 ## $a371.3$vBN$zpor$31041708 675 ## $a159.953$vBN$zpor$3355594 675 ## $a37.06$vBN$zpor$3500530 675 ## $a316.35$vBN$zpor$3540996 700 #1 $aCristoväo,$bAlberto Carlos Barreto$3277680 900 ## $aBIBNAC$d20130602 966 ## $lBN$mFGMON$sS.C. 93360 V.$x1 966 ## $lBNInt$mFGMON$sS.C. 93360 V.$x1
|
|
|